[Event "ICS rated standard match"]
[Site "204.178.125.65"]
[Date "2000.05.02"]
[Round "?"]
[White "Hossa"]
[Black "stevesand"]
[Result "1-0"]
[WhiteElo "2365"]
[BlackElo "2057"]
[PlyCount "119"]
[EventDate "2000.??.??"]

1. e4 c6 2. d4 d5 3. exd5 cxd5 4. c4 Nf6 5. Nc3 e6 6. Nf3 Be7 7. Bg5 O-O 8.
cxd5 Nxd5 9. Bxe7 Nxe7 10. Bc4 Nbc6 11. O-O b6 12. Bb5 Bb7 13. Bxc6 Bxc6 14.
Ne5 Bb7 15. Qd3 Nf5 16. Rad1 Qd6 17. Rd2 Rfd8 18. Rfd1 Rac8 19. Qe2 Qb4 20. Qg4
f6 21. a3 Qe7 22. Nf3 Rc4 23. Nh4 Nxh4 24. Qxh4 e5 25. dxe5 Rxh4 26. Rxd8+ Kf7
27. R8d7 fxe5 28. Nb5 Ke6 29. Rxe7+ Kxe7 30. Nd6 Be4 31. g3 Rg4 32. h3 Bf3 33.
Rd3 e4 34. Nc8+ Ke8 35. Rxf3 Rg6 36. Re3 Kd7 37. Nxa7 Rg5 38. Rxe4 Ra5 39. Rg4
g6 40. Rd4+ Kc7 41. Rc4+ Kb7 42. Nc6 Rd5 43. Kg2 b5 44. Rc2 Rd7 45. Ne5 Re7 46.
f4 Kb6 47. h4 Re8 48. h5 gxh5 49. Kf3 Re7 50. Rc6+ Kb7 51. Rh6 Kc7 52. Rxh5 Kb7
53. Ng4 Kb6 54. Nf6 Rf7 55. Nxh7 Ka5 56. g4 Ka4 57. Ng5 b4 58. Nxf7 bxa3 59.
bxa3 Kxa3 60. Ke4 {stevesand resigns} 1-0

[Event "ICS rated standard match"]
[Site "204.178.125.65"]
[Date "2000.05.02"]
[Round "?"]
[White "stevesand"]
[Black "Hossa"]
[Result "1-0"]
[WhiteElo "2052"]
[BlackElo "2370"]
[PlyCount "115"]
[EventDate "2000.??.??"]

1. e4 e5 2. Nf3 Nc6 3. Bb5 a6 4. Ba4 Nf6 5. O-O Be7 6. Re1 b5 7. Bb3 d6 8. c3
O-O 9. h3 Bb7 10. d4 Re8 11. Nbd2 Bf8 12. Bc2 g6 13. b3 b4 14. cxb4 Nxd4 15.
Nxd4 exd4 16. Bb2 c5 17. bxc5 dxc5 18. e5 Nd7 19. Nc4 Bd5 20. f4 Be7 21. Bd3
Bh4 22. Re2 Bg3 23. Qf1 Re6 24. f5 gxf5 25. Bxf5 Bxc4 26. bxc4 Nxe5 27. Bxe6
fxe6 28. Re4 Qg5 29. Bc1 Qg7 30. Bf4 Rf8 31. Bxe5 Rxf1+ 32. Rxf1 Bxe5 33. Rg4
Qxg4 34. hxg4 Bg7 35. Kf2 Bf8 36. Kf3 Be7 37. Ke4 Bg5 38. Rf3 Kg7 39. Ra3 Be7
40. Rxa6 Kf6 41. a4 h6 42. Rc6 Kg5 43. a5 Kxg4 44. a6 e5 45. a7 Kg3 46. a8=Q
Kf2 47. Qa2+ Kg1 48. Rxh6 Bg5 49. Rh3 Bc1 50. g3 d3 51. Qh2+ Kf1 52. Kxd3 Bg5
53. g4 e4+ 54. Kxe4 Bf6 55. Rb3 Bh4 56. Rb1+ Be1 57. Qc2 Kg1 58. Rxe1# {
Hossa checkmated} 1-0

[Event "ICS rated blitz match"]
[Site "204.178.125.65"]
[Date "2000.05.02"]
[Round "?"]
[White "Hossa"]
[Black "QueenMaxima"]
[Result "1/2-1/2"]
[WhiteElo "2443"]
[BlackElo "2561"]
[PlyCount "269"]
[EventDate "2000.??.??"]

1. e4 c5 2. Nf3 e6 3. d4 cxd4 4. Nxd4 Nf6 5. Nc3 d6 6. Be2 Be7 7. O-O a6 8. Be3
O-O 9. f4 Nc6 10. Qd2 Qc7 11. Rad1 Na5 12. f5 Nc4 13. Bxc4 Qxc4 14. Bg5 Bd7 15.
Qf2 Qb4 16. Qe1 Qxb2 17. Rb1 Qa3 18. Rxb7 Qc5 19. Qd2 Rfb8 20. Rfb1 Rxb7 21.
Rxb7 Rc8 22. fxe6 fxe6 23. Nce2 Nxe4 24. Qd3 Qa5 25. Bd2 Qxd2 26. Qxd2 Nxd2 27.
Rxd7 Kf7 28. Nf4 e5 29. Nd5 exd4 30. Rxe7+ Kg6 31. Nc7 a5 32. a4 d5 33. g4 Nf3+
34. Kh1 Kh6 35. Re6+ Kg5 36. Re7 Kg6 37. h3 Kh6 38. Re6+ Kg5 39. Re7 Kg6 40.
Rd7 Kh6 41. Rd6+ g6 42. Rd7 Ng5 43. Kg2 Ne4 44. h4 g5 45. hxg5+ Kxg5 46. Rxd5+
Kxg4 47. Rd7 h5 48. Rxd4 Rxc7 49. Rxe4+ Kf5 50. Re2 Rc4 51. Rd2 Kg4 52. Rd5
Rxa4 53. c4 Rxc4 54. Rxa5 h4 55. Kh1 h3 56. Ra1 Rc3 57. Rg1+ Kh4 58. Rf1 Rc2
59. Rf4+ Kg3 60. Rf1 Rd2 61. Rg1+ Rg2 62. Rf1 Rh2+ 63. Kg1 Ra2 64. Kh1 Rb2 65.
Rg1+ Kh4 66. Rf1 Re2 67. Rf4+ Kg3 68. Rf1 Rc2 69. Rg1+ Kf4 70. Rf1+ Kg4 71.
Rg1+ Kh5 72. Rf1 Rd2 73. Rf5+ Kg4 74. Re5 Ra2 75. Re4+ Kf3 76. Re1 Kf4 77. Rf1+
Kg5 78. Rg1+ Kh5 79. Rf1 Re2 80. Rf5+ Kg4 81. Rd5 Rc2 82. Rd4+ Kg5 83. Rd5+ Kf4
84. Rh5 Kg3 85. Rg5+ Kh4 86. Rg1 Rf2 87. Re1 Rd2 88. Rf1 Rd3 89. Rf4+ Kg3 90.
Rf1 Re3 91. Rg1+ Kh4 92. Rf1 Ra3 93. Rf4+ Kg3 94. Rf1 Rf3 95. Rxf3+ Kxf3 96.
Kh2 Kg4 97. Kh1 Kh5 98. Kh2 Kh4 99. Kh1 Kg4 100. Kh2 Kg5 101. Kh1 Kf4 102. Kh2
Kf5 103. Kh1 Ke4 104. Kh2 Kf4 105. Kh1 Ke5 106. Kh2 Ke6 107. Kh1 Ke7 108. Kh2
Kf7 109. Kh1 Ke8 110. Kh2 Kf8 111. Kh1 Kf7 112. Kh2 Kg7 113. Kh1 Kh7 114. Kh2
Kh8 115. Kh1 Kg7 116. Kh2 Kh7 117. Kh1 Kg6 118. Kh2 Kh6 119. Kh1 Kg5 120. Kh2
Kh5 121. Kh1 Kh4 122. Kh2 Kh5 123. Kh1 Kh6 124. Kh2 Kg6 125. Kh1 Kf5 126. Kh2
Kf6 127. Kh1 Ke6 128. Kh2 Ke7 129. Kh1 Kd8 130. Kh2 Ke8 131. Kh1 Kd7 132. Kh2
Kd8 133. Kh1 Kc8 134. Kh2 Kb8 135. Kh1 1/2-1/2

[Event "ICS rated blitz match"]
[Site "204.178.125.65"]
[Date "2000.05.02"]
[Round "?"]
[White "QueenMaxima"]
[Black "Hossa"]
[Result "1-0"]
[WhiteElo "2557"]
[BlackElo "2448"]
[PlyCount "137"]
[EventDate "2000.??.??"]

1. d4 d5 2. c4 e6 3. Nc3 Nf6 4. Nf3 c5 5. e3 Nc6 6. a3 cxd4 7. exd4 Ne4 8. Bd3
Nxc3 9. bxc3 dxc4 10. Bxc4 Be7 11. O-O O-O 12. Bd3 Bf6 13. Re1 Re8 14. Bf4 b6
15. Qe2 Bb7 16. Qc2 g6 17. Qa4 Bg7 18. Bb5 Rc8 19. Ne5 Bxe5 20. dxe5 a6 21. Bf1
Qc7 22. Qb3 Red8 23. f3 Rd5 24. a4 Rb8 25. Rab1 Bc8 26. c4 Rc5 27. Be3 Na5 28.
Qb4 Nc6 29. Bxc5 Nxb4 30. Bd6 Qb7 31. Bxb8 Nc2 32. Re2 Na3 33. Rb3 Nxc4 34. Rc2
Na5 35. Rbc3 Bd7 36. Bd6 Bc6 37. Bd3 b5 38. axb5 axb5 39. Bb4 Qb6+ 40. Kh1 Kg7
41. Bf1 Bd7 42. Rc7 Nc6 43. Bd6 Nb8 44. Bc5 Qa6 45. Ba7 Nc6 46. Rxd7 Nxa7 47.
Rcc7 Qa1 48. Kg1 Nc6 49. Rxf7+ Kg8 50. Rfd7 Qa6 51. Bxb5 Qa1+ 52. Bf1 Qa8 53.
Rg7+ Kf8 54. Rxh7 Ne7 55. Rcxe7 Qa5 56. Ra7 Qc5+ 57. Kh1 Kg8 58. Rhc7 Qf8 59.
Bc4 Qb8 60. Bxe6+ Kf8 61. Rc8+ Qxc8 62. Bxc8 Kg8 63. e6 Kf8 64. Rf7+ Ke8 65.
Bd7+ Kd8 66. Bc6 Kc8 67. Rb7 g5 68. e7 g4 69. e8=Q# 1-0

[Event "ICS rated standard match"]
[Site "204.178.125.65"]
[Date "2000.05.02"]
[Round "?"]
[White "Hossa"]
[Black "RickPrice"]
[Result "1-0"]
[WhiteElo "2342"]
[BlackElo "2082"]
[PlyCount "77"]
[EventDate "2000.??.??"]

1. e4 g6 2. d4 d6 3. Nc3 Bg7 4. Nf3 Nc6 5. d5 Ne5 6. Nxe5 dxe5 7. Bb5+ Bd7 8.
Bxd7+ Qxd7 9. O-O c6 10. dxc6 Qxc6 11. Bg5 h6 12. Bh4 Nf6 13. Bxf6 Bxf6 14. Qe2
e6 15. Rfd1 Ke7 16. Rab1 h5 17. Nb5 a6 18. Nc3 b5 19. a3 Rhd8 20. Qe3 Bg7 21.
Rd3 Rxd3 22. Qxd3 Rd8 23. Qe3 Rd4 24. Rf1 Kf8 25. f3 Kg8 26. Rf2 Kh7 27. g4 Bh6
28. Qe1 a5 29. gxh5 gxh5 30. Rg2 b4 31. Ne2 Rc4 32. Qh4 Rxc2 33. Qxh5 Qd7 34.
Kf2 Rxe2+ 35. Kxe2 Qd2+ 36. Kf1 Qd1+ 37. Kf2 Qd2+ 38. Kg3 Qf4+ 39. Kh3 {
RickPrice resigns} 1-0

[Event "ICS rated blitz match"]
[Site "204.178.125.65"]
[Date "2000.05.02"]
[Round "?"]
[White "Hossa"]
[Black "Tinker"]
[Result "1-0"]
[WhiteElo "2437"]
[BlackElo "2479"]
[PlyCount "93"]
[EventDate "2000.??.??"]

1. e4 e5 2. Nf3 Nc6 3. Nc3 Nf6 4. Nxe5 Nxe5 5. d4 Ng6 6. e5 Ng8 7. Bc4 Nh4 8.
O-O a6 9. Ne4 h6 10. Re1 Be7 11. d5 d6 12. exd6 cxd6 13. a4 Kf8 14. Bd2 Bf5 15.
Ng3 Bg6 16. Be3 Rh7 17. a5 Nf6 18. Bb6 Qc8 19. Qe2 Qe8 20. Ra3 Ng8 21. Re3 Qd7
22. Bd3 Bxd3 23. Qxd3 Ng6 24. c4 Bg5 25. R3e2 N8e7 26. Qf3 Rc8 27. b3 Kg8 28.
Bd4 Nh4 29. Qe4 Neg6 30. Nh5 Be7 31. Bb6 Ne5 32. f4 Qg4 33. fxe5 Qxe4 34. Rxe4
Ng6 35. exd6 Bxd6 36. Re8+ Rxe8 37. Rxe8+ Nf8 38. c5 Rh8 39. cxd6 Kh7 40. Re7
Kg6 41. Nf4+ Kf5 42. Ne2 Kg6 43. Rxb7 f6 44. Nd4 Rg8 45. Kf2 h5 46. d7 Nxd7 47.
Rxd7 1-0

[Event "ICS rated blitz match"]
[Site "204.178.125.65"]
[Date "2000.05.02"]
[Round "?"]
[White "GhostDogg"]
[Black "Hossa"]
[Result "0-1"]
[WhiteElo "2410"]
[BlackElo "2455"]
[PlyCount "78"]
[EventDate "2000.??.??"]

1. c4 e5 2. Nc3 Nf6 3. e4 Bc5 4. g3 Nc6 5. Bg2 d6 6. h3 O-O 7. Nge2 Be6 8. d3
Re8 9. a3 Nd4 10. O-O Qd7 11. Kh2 c6 12. f4 Qc7 13. f5 Bc8 14. g4 Nd7 15. g5
Qd8 16. Ng3 Bb6 17. h4 Nc5 18. Rb1 Ncb3 19. Be3 f6 20. g6 hxg6 21. fxg6 Be6 22.
Qh5 Qe7 23. Bh3 Reb8 24. Nf5 Nxf5 25. exf5 Bxe3 26. fxe6 Bh6 27. Ne2 Nd2 28.
Ng3 Re8 29. Nf5 Qf8 30. e7 Rxe7 31. Nxd6 Nxb1 32. Rxb1 Rd8 33. Nf5 Rxd3 34. Rg1
Rd2+ 35. Kh1 Rc7 36. Nxh6+ gxh6 37. g7 Rxg7 38. Be6+ Kh7 39. Qf5+ Kh8 {
GhostDogg resigns} 0-1

[Event "ICS rated blitz match"]
[Site "204.178.125.65"]
[Date "2000.05.02"]
[Round "?"]
[White "Hossa"]
[Black "sekere"]
[Result "1-0"]
[WhiteElo "2469"]
[BlackElo "2110"]
[PlyCount "57"]
[EventDate "2000.??.??"]

1. e4 e5 2. Nf3 d6 3. d4 Nf6 4. Nc3 Nbd7 5. Bc4 Be7 6. O-O O-O 7. Qe2 a6 8. Be3
c6 9. Rad1 Qc7 10. Qd2 b5 11. Bd3 Bb7 12. dxe5 Nxe5 13. Nxe5 dxe5 14. f3 Rfd8
15. a3 Rd7 16. f4 Rad8 17. fxe5 Qxe5 18. Rf5 Qc7 19. Rdf1 c5 20. e5 c4 21. exf6
Bxf6 22. Rxf6 gxf6 23. Bxh7+ Kxh7 24. Qf2 Qc6 25. Qf5+ Kg7 26. Qg4+ Kh7 27. Rf3
Qxf3 28. Qh4+ Kg7 29. gxf3 {sekere resigns} 1-0

[Event "ICS Rated blitz match"]
[Site "204.178.125.65"]
[Date "2000.05.03"]
[Round "?"]
[White "Tinker"]
[Black "Hossa"]
[Result "0-1"]
[WhiteElo "2526"]
[BlackElo "2473"]
[PlyCount "164"]
[EventDate "2000.??.??"]

1. e4 e5 2. d4 exd4 3. Qxd4 Nc6 4. Qd1 Nf6 5. Nc3 Bb4 6. Bd3 d5 7. exd5 Nxd5 8.
Nge2 Bg4 9. Bd2 Nxc3 10. bxc3 Ba3 11. Rb1 Rb8 12. Be4 O-O 13. Bxc6 bxc6 14.
Rxb8 Qxb8 15. O-O Qb2 16. h3 Bxe2 17. Qxe2 Qxc2 18. Qa6 Bd6 19. Be1 Qd1 20.
Qxc6 Qe2 21. f4 Qxa2 22. Bf2 Bxf4 23. Bc5 Qc4 24. Rxf4 Qxf4 25. Bxf8 Kxf8 26.
Qc5+ Ke8 27. Qxa7 Qc1+ 28. Kh2 Qxc3 29. Qa8+ Ke7 30. Qe4+ Kf6 31. Qxh7 Qe5+ 32.
Kh1 Qa1+ 33. Kh2 Qd4 34. Qb1 c5 35. Qb6+ Kg5 36. Qb1 Kh6 37. Qb6+ f6 38. Qb1
Qf4+ 39. Kh1 Qd2 40. Qf1 Qe3 41. Qc4 g6 42. Qf1 Qc3 43. Qf4+ g5 44. Qf2 Qa1+
45. Kh2 Qe5+ 46. Kh1 f5 47. Kg1 Kg6 48. Kh1 g4 49. hxg4 fxg4 50. Qf8 Qe1+ 51.
Kh2 Qe3 52. Qg8+ Kf5 53. Qh7+ Ke5 54. Qe7+ Kd4 55. Qd7+ Kc3 56. Qxg4 c4 57. Qf5
Qh6+ 58. Kg1 Qc1+ 59. Kh2 Kb4 60. Qf8+ Kb3 61. Qb8+ Kc2 62. Qe5 Qh6+ 63. Kg3
Qd2 64. Qe8 Qd6+ 65. Kf2 Qf4+ 66. Kg1 Qd4+ 67. Kh2 Qh4+ 68. Kg1 Kd2 69. Qd7+
Kc3 70. Qg7+ Qd4+ 71. Qxd4+ Kxd4 72. Kf2 Kd3 73. Ke1 Kc2 74. g4 c3 75. Ke2 Kb3
76. Kf3 c2 77. Kf4 c1=Q+ 78. Kf5 Kc4 79. g5 Kd5 80. g6 Qf1+ 81. Kg4 Ke4 82. Kg3
Qg1+ 0-1

[Event "ICS rated blitz match"]
[Site "204.178.125.65"]
[Date "2000.05.03"]
[Round "?"]
[White "Hossa"]
[Black "PostModernist"]
[Result "0-1"]
[WhiteElo "2448"]
[BlackElo "2597"]
[PlyCount "126"]
[EventDate "2000.??.??"]

1. e4 c5 2. Nf3 d6 3. d4 Nf6 4. Nc3 cxd4 5. Nxd4 e6 6. g4 e5 7. Bb5+ Bd7 8.
Bxd7+ Qxd7 9. Nf5 h5 10. gxh5 Nxe4 11. Nxg7+ Bxg7 12. Nxe4 d5 13. h6 dxe4 14.
hxg7 Qxd1+ 15. Kxd1 Rg8 16. Rg1 Nc6 17. Be3 Ne7 18. h4 Nf5 19. h5 Rxg7 20. Ke2
Rxg1 21. Rxg1 Ke7 22. Rg5 Ke6 23. Rg4 Nxe3 24. Kxe3 Rh8 25. Rh4 f5 26. Rh3 Kf6
27. Rh1 Rh6 28. Kd2 Kg5 29. Rg1+ Kxh5 30. Rg7 Rb6 31. b3 f4 32. a4 Kh4 33. a5
Rb5 34. a6 Rd5+ 35. Ke2 bxa6 36. Rxa7 Ra5 37. Re7 Kg4 38. Re8 Ra2 39. Rg8+ Kf5
40. Rc8 a5 41. Kd2 a4 42. Rb8 a3 43. Rf8+ Kg4 44. Re8 Ra1 45. Rxe5 a2 46. Ra5
Kf3 47. Kc3 Kxf2 48. Kb2 Rd1 49. Kxa2 e3 50. Re5 e2 51. c4 f3 52. c5 e1=Q 53.
Rxe1 Kxe1 54. Ka3 f2 55. Kb4 f1=Q 56. Ka5 Ra1+ 57. Kb4 Qd3 58. c6 Qd4+ 59. Kb5
Ra7 60. b4 Ke2 61. c7 Qd5+ 62. Kb6 Rb7+ 63. Ka6 Qb5# {Hossa checkmated} 0-1

[Event "ICS rated blitz match"]
[Site "204.178.125.65"]
[Date "2000.05.03"]
[Round "?"]
[White "QueenMaxima"]
[Black "Hossa"]
[Result "1-0"]
[WhiteElo "2548"]
[BlackElo "2438"]
[PlyCount "181"]
[EventDate "2000.??.??"]

1. e4 e5 2. Nf3 Nc6 3. Bb5 a6 4. Ba4 Nf6 5. O-O Be7 6. Re1 b5 7. Bb3 d6 8. c3
O-O 9. h3 Na5 10. Bc2 c5 11. d4 Qc7 12. Nbd2 cxd4 13. cxd4 Nc6 14. Nb3 a5 15.
Be3 a4 16. Nbd2 Bd7 17. Rc1 Rfc8 18. a3 exd4 19. Nxd4 Qb7 20. Qe2 b4 21. N2f3
Ne5 22. Bf4 bxa3 23. bxa3 Nxf3+ 24. Qxf3 Qb2 25. Nf5 Bxf5 26. exf5 d5 27. Rxe7
Rxc2 28. Rxc2 Qxc2 29. Be5 Ne4 30. Qg4 Qxf2+ 31. Kh2 g6 32. fxg6 hxg6 33. Qd7
Rf8 34. Re8 Nf6 35. Rxf8+ Kxf8 36. Qxa4 Qc5 37. Qh4 Ne8 38. a4 f6 39. Bf4 g5
40. Qh8+ Kf7 41. Qh5+ Kf8 42. Bg3 Qc4 43. a5 Qc2 44. h4 gxh4 45. Qxh4 Ke7 46.
a6 Kd8 47. a7 Qa2 48. Bf2 Qa1 49. Bb6+ Ke7 50. Qb4+ Kf7 51. Bd4 Qa6 52. Qb8 f5
53. Qd8 Qh6+ 54. Kg3 f4+ 55. Kf2 Qc6 56. a8=Q Qc2+ 57. Kf3 Qd1+ 58. Kxf4 Qxd4+
59. Kg3 Qe3+ 60. Kh4 Qh6+ 61. Kg4 Nf6+ 62. Kf3 Qh5+ 63. Ke3 Qe5+ 64. Kd3 Kg6
65. Qh8 Qe4+ 66. Kc3 Qe3+ 67. Kb4 Qd4+ 68. Kb3 Qc4+ 69. Kb2 Qd4+ 70. Kc2 Qf2+
71. Kb3 Qg3+ 72. Ka4 Qf4+ 73. Ka3 Qc1+ 74. Kb4 Qd2+ 75. Kb5 Qb2+ 76. Ka4 Qa2+
77. Kb4 Qd2+ 78. Kc5 Qc1+ 79. Kb6 Qe3+ 80. Kb7 Qb3+ 81. Kc8 Qc2+ 82. Kd8 Qxg2
83. Qa6 Qf2 84. Qg8+ Kh5 85. Qf7+ Kg5 86. Qg7+ Kf4 87. Qgxf6+ Kg4 88. Qae6+ Qf5
89. Qexf5+ Kg3 90. Q6g5+ Kh2 91. Qh7# {Hossa checkmated} 1-0

[Event "ICS rated blitz match"]
[Site "204.178.125.65"]
[Date "2000.05.03"]
[Round "?"]
[White "Hossa"]
[Black "QueenMaxima"]
[Result "1-0"]
[WhiteElo "2427"]
[BlackElo "2559"]
[PlyCount "113"]
[EventDate "2000.??.??"]

1. e4 c5 2. Nf3 d6 3. d4 cxd4 4. Nxd4 Nf6 5. Nc3 a6 6. Bg5 e6 7. f4 Be7 8. Qf3
Qc7 9. O-O-O Nbd7 10. g4 b5 11. Bxf6 Nxf6 12. g5 Nd7 13. f5 Nc5 14. f6 gxf6 15.
gxf6 Bf8 16. Rg1 b4 17. Nd5 exd5 18. exd5 Bd7 19. Rg7 O-O-O 20. Rxf7 Qb7 21.
Kb1 h5 22. Bh3 Kb8 23. Nc6+ Bxc6 24. Rxb7+ Bxb7 25. Re1 Ka8 26. Qg2 Bh6 27. f7
h4 28. Qg6 b3 29. axb3 Bf4 30. Re8 Be5 31. Rxd8+ Rxd8 32. Qg8 Rb8 33. Qxb8+
Kxb8 34. f8=Q+ Ka7 35. Be6 a5 36. Qf2 h3 37. Bxh3 Kb6 38. Be6 Ka6 39. Ka2 Ka7
40. c3 Ka6 41. Bf7 Bc8 42. b4 axb4 43. cxb4 Nd7 44. Be6 Nb6 45. Qf1+ Ka7 46.
Bxc8 Nxc8 47. Qf7+ Kb8 48. h3 Bg3 49. Kb3 Bh4 50. Qg7 Bf2 51. Qg4 Kc7 52. Kc4
Kb8 53. Kb5 Kc7 54. Qg7+ Kd8 55. Qf8+ Kd7 56. Qxf2 Ne7 57. Qf8 {
QueenMaxima resigns} 1-0

[Event "ICS Rated blitz match"]
[Site "204.178.125.65"]
[Date "2000.05.04"]
[Round "?"]
[White "BLKBear6"]
[Black "Hossa"]
[Result "0-1"]
[WhiteElo "2200"]
[BlackElo "2437"]
[PlyCount "66"]
[EventDate "2000.??.??"]

1. c4 e5 2. Nc3 Nf6 3. e4 Bc5 4. g3 Nc6 5. Bg2 d6 6. h3 O-O 7. Nge2 Be6 8. d3
Re8 9. O-O Rf8 10. a3 Qd7 11. Kh2 Nd4 12. f4 exf4 13. gxf4 Qc8 14. f5 Bd7 15.
Ng3 h6 16. Nh5 Nxh5 17. Qxh5 Nc2 18. Nd5 Re8 19. Bxh6 Bd4 20. Bxg7 Bxg7 21. f6
Re5 22. Qh4 Nxa1 23. d4 Rxd5 24. cxd5 Nc2 25. e5 Ne3 26. Qg5 Nxf1+ 27. Bxf1 Qf8
28. h4 Re8 29. h5 dxe5 30. h6 exd4 31. hxg7 Qd6+ 32. Kh1 Re5 33. Qh6 Qxd5+ {
BLKBear6 resigns} 0-1

[Event "ICS rated standard match"]
[Site "204.178.125.65"]
[Date "2000.05.04"]
[Round "?"]
[White "Hossa"]
[Black "bonny"]
[Result "0-1"]
[WhiteElo "2346"]
[BlackElo "2407"]
[PlyCount "138"]
[EventDate "2000.??.??"]

1. e4 e6 2. d4 d5 3. Nc3 Nf6 4. Bg5 dxe4 5. Nxe4 Be7 6. Bxf6 gxf6 7. Nf3 b6 8.
Bc4 Bb7 9. Qe2 Nd7 10. O-O-O f5 11. Nc3 c6 12. Ba6 Qc7 13. Bxb7 Qxb7 14. Ne5
Qc7 15. Qf3 Nxe5 16. dxe5 O-O 17. Qg3+ Kh8 18. f4 Rad8 19. Ne2 c5 20. Kb1 Rxd1+
21. Rxd1 Rd8 22. Re1 Qc6 23. Qf2 Rd2 24. Kc1 Rd8 25. Nc3 b5 26. Kb1 b4 27. Nd1
a5 28. Ne3 Rd4 29. Rg1 Qe4 30. g3 c4 31. Re1 b3 32. axb3 cxb3 33. Re2 Bc5 34.
Qf1 Rb4 35. Nd1 bxc2+ 36. Rxc2 a4 37. Nc3 Qd4 38. Qa6 Rc4 39. Ka2 a3 40. Ne2
Rxc2 41. Qa8+ Kg7 42. Nxd4 Rxb2+ 43. Ka1 Bxd4 44. Qxa3 Rb3+ 45. Ka2 Rxa3+ 46.
Kxa3 Bg1 47. h3 Bh2 48. g4 fxg4 49. hxg4 Bxf4 50. Kb2 Bxe5+ 51. Kc2 Kg6 52. Kd3
Kg5 53. Kc4 Kxg4 54. Kb5 h5 55. Kc5 h4 56. Kc4 h3 57. Kc5 h2 58. Kb4 h1=Q 59.
Ka3 Bf4 60. Kb4 e5 61. Kc3 e4 62. Kc4 e3 63. Kc5 e2 64. Kc4 e1=Q 65. Kb3 Qf3+
66. Ka4 Qee4+ 67. Ka5 Bc7+ 68. Kb5 Qff5+ 69. Ka6 Qa5# {Hossa checkmated} 0-1

[Event "ICS rated standard match"]
[Site "204.178.125.65"]
[Date "2000.05.04"]
[Round "?"]
[White "M-Castilla"]
[Black "Hossa"]
[Result "0-1"]
[WhiteElo "2045"]
[BlackElo "2344"]
[PlyCount "108"]
[EventDate "2000.??.??"]

1. e4 e5 2. Nf3 Nc6 3. Bb5 a6 4. Bxc6 dxc6 5. d4 exd4 6. Qxd4 Qxd4 7. Nxd4 Bd7
8. Be3 O-O-O 9. Nd2 Bc5 10. Nf5 Bb4 11. c3 Bxf5 12. exf5 Bd6 13. O-O-O Ne7 14.
g4 h5 15. h3 Nd5 16. Ne4 Bf4 17. Bxf4 Nxf4 18. Rxd8+ Rxd8 19. Ng5 hxg4 20. hxg4
Nd3+ 21. Kc2 Nxf2 22. Rh4 f6 23. Ne6 Rg8 24. g5 fxg5 25. Nxg5 Rf8 26. Rf4 Nh1
27. Rf3 Kb8 28. Kd2 Rf6 29. Ke2 Rxf5 30. Nh3 Rb5 31. b3 Rf5 32. Ng1 Rg5 33. Nh3
Ng3+ 34. Ke3 Nf5+ 35. Kf4 Rh5 36. Kg4 g6 37. Rd3 Nh6+ 38. Kg3 Re5 39. Nf4 g5
40. Nh3 Ka7 41. Nf2 Nf5+ 42. Kg4 Ng7 43. Nh3 Ne6 44. Kh5 Kb6 45. Kg6 g4 46. Kf6
Nc5 47. Rg3 Re6+ 48. Kf5 gxh3 49. b4 Rf6+ 50. Ke5 Nd7+ 51. Ke4 Rh6 52. Rg1 Nf6+
53. Kf5 Nd5 54. Kg5 Rh8 {M-Castilla resigns} 0-1

[Event "ICS rated standard match"]
[Site "204.178.125.65"]
[Date "2000.05.04"]
[Round "?"]
[White "Hossa"]
[Black "M-Castilla"]
[Result "1-0"]
[WhiteElo "2349"]
[BlackElo "2040"]
[PlyCount "37"]
[EventDate "2000.??.??"]

1. e4 d5 2. exd5 Qxd5 3. Nc3 Qa5 4. d4 Nf6 5. Nf3 Bg4 6. h3 Qh5 7. Be2 Nc6 8.
O-O O-O-O 9. hxg4 Nxg4 10. Bf4 f5 11. d5 e5 12. Nxe5 Ncxe5 13. Bxe5 Bd6 14.
Bxg4 fxg4 15. Bg3 Bxg3 16. fxg3 Rd6 17. Qd4 Rh6 18. Qxg7 Re8 19. Nb5 {
M-Castilla resigns} 1-0

[Event "ICS rated standard match"]
[Site "204.178.125.65"]
[Date "2000.05.04"]
[Round "?"]
[White "M-Castilla"]
[Black "Hossa"]
[Result "0-1"]
[WhiteElo "2035"]
[BlackElo "2354"]
[PlyCount "56"]
[EventDate "2000.??.??"]

1. e4 e5 2. Nf3 Nc6 3. Bb5 a6 4. Bxc6 dxc6 5. d4 exd4 6. Qxd4 Qxd4 7. Nxd4 Bd7
8. Be3 O-O-O 9. f3 Bc5 10. Nc3 Nf6 11. Rd1 h6 12. Kf2 Bd6 13. h3 g5 14. g3 Kb8
15. f4 gxf4 16. gxf4 Bb4 17. Kf3 Bxc3 18. bxc3 Rhe8 19. e5 c5 20. exf6 cxd4 21.
Bxd4 Bc6+ 22. Kg4 Rg8+ 23. Kh5 Bf3+ 24. Kxh6 Rh8+ 25. Kg7 Rdg8+ 26. Kxf7 Bd5+
27. Ke7 Re8+ 28. Kd7 Bc6# 0-1

[Event "ICS rated standard match"]
[Site "204.178.125.65"]
[Date "2000.05.04"]
[Round "?"]
[White "KrazyKat"]
[Black "Hossa"]
[Result "0-1"]
[WhiteElo "1990"]
[BlackElo "2358"]
[PlyCount "60"]
[EventDate "2000.??.??"]

1. e4 e5 2. Nf3 Nc6 3. Bb5 a6 4. Ba4 Nf6 5. O-O Be7 6. Re1 b5 7. Bb3 d6 8. c3
O-O 9. h3 Bb7 10. d4 Re8 11. Nbd2 Bf8 12. Ng5 Re7 13. Nxf7 Rxf7 14. Bxf7+ Kxf7
15. Qb3+ d5 16. exd5 Na5 17. Qc2 exd4 18. cxd4 Bxd5 19. Nb3 Nxb3 20. axb3 Kg8
21. Bg5 Bb4 22. Re5 c6 23. Rd1 a5 24. f3 Qd7 25. Bxf6 gxf6 26. Rh5 Ra7 27. Rh4
Qe6 28. Kf2 Bxb3 29. Qe4 Qxe4 30. fxe4 Bxd1 {KrazyKat resigns} 0-1

[Event "ICS rated blitz match"]
[Site "204.178.125.65"]
[Date "2000.05.04"]
[Round "?"]
[White "trinity"]
[Black "Hossa"]
[Result "0-1"]
[WhiteElo "2051"]
[BlackElo "2437"]
[PlyCount "64"]
[EventDate "2000.??.??"]

1. e4 e5 2. Nf3 Nc6 3. Bc4 Bc5 4. c3 Nf6 5. d3 d6 6. O-O O-O 7. h3 Be6 8. Bb3
Bxb3 9. Qxb3 Qc8 10. Be3 Bxe3 11. fxe3 a5 12. Qc2 Qd7 13. Nbd2 Nh5 14. Kh2 a4
15. d4 Nf6 16. d5 Ne7 17. Rf2 c6 18. c4 b5 19. cxb5 cxd5 20. Raf1 Qxb5 21. Nh4
Rac8 22. Qd1 Qb4 23. Rxf6 gxf6 24. Qg4+ Ng6 25. Ndf3 Qxe4 26. Qg3 Qxe3 27. Nxg6
hxg6 28. h4 Rc1 29. h5 Rxf1 30. hxg6 Qh6+ 31. Qh3 Qxh3+ 32. Kxh3 fxg6 {
trinity resigns} 0-1

[Event "ICS rated blitz match"]
[Site "204.178.125.65"]
[Date "2000.05.04"]
[Round "?"]
[White "Hossa"]
[Black "QueenMaxima"]
[Result "1-0"]
[WhiteElo "2440"]
[BlackElo "2517"]
[PlyCount "123"]
[EventDate "2000.??.??"]

1. e4 e5 2. Nf3 Nc6 3. Nc3 Nf6 4. Nxe5 Nxe5 5. d4 Ng6 6. e5 Ng8 7. Bc4 d6 8.
Qf3 Qd7 9. O-O dxe5 10. dxe5 Nxe5 11. Re1 Bd6 12. Bf4 f6 13. Bb5 c6 14. Rad1
Qe6 15. Qg3 g5 16. Bxe5 Bxe5 17. f4 Qg4 18. fxe5 Qxg3 19. hxg3 cxb5 20. exf6+
Kf7 21. Rd8 b4 22. Ne4 Kg6 23. Rf1 Nxf6 24. Rxf6+ Kg7 25. Rxh8 Kxh8 26. Rf8+
Kg7 27. Rd8 a5 28. Nd6 Ra6 29. Ne8+ Kf7 30. Rxc8 Re6 31. Nc7 Re1+ 32. Kh2 Rb1
33. b3 Rb2 34. Nb5 Kf6 35. Nd6 b6 36. g4 Rxa2 37. Ne4+ Ke7 38. Rc7+ Ke6 39.
Nxg5+ Kd6 40. Rxh7 Rxc2 41. Rh6+ Kc7 42. Ne6+ Kc8 43. Nd4 Rd2 44. Nf5 Kc7 45.
Rh7+ Rd7 46. Rxd7+ Kxd7 47. Nd4 Ke7 48. g5 Kf7 49. Kg3 Kg6 50. Kf4 Kf7 51. Kf5
Kg7 52. g6 a4 53. bxa4 b3 54. Nxb3 Kg8 55. Kf6 Kf8 56. g7+ Ke8 57. g8=Q+ Kd7
58. Qg7+ Kc8 59. a5 bxa5 60. Nxa5 Kd8 61. Qb7 Ke8 62. Qc8# 1-0

[Event "ICS rated blitz match"]
[Site "204.178.125.65"]
[Date "2000.05.04"]
[Round "?"]
[White "Weezer"]
[Black "Hossa"]
[Result "1-0"]
[WhiteElo "2717"]
[BlackElo "2459"]
[PlyCount "133"]
[EventDate "2000.??.??"]

1. d4 Nf6 2. c4 e6 3. Nc3 Bb4 4. e3 b6 5. Nge2 Ne4 6. Qc2 Bb7 7. a3 Bxc3+ 8.
Nxc3 Nxc3 9. Qxc3 O-O 10. b4 d6 11. Bb2 Nd7 12. d5 Nf6 13. Rc1 Re8 14. h3 exd5
15. cxd5 Re7 16. Bc4 a5 17. O-O Qc8 18. Qd3 Ne4 19. b5 Nc5 20. Qd4 Qf8 21. Qf4
Rae8 22. Qf5 Re4 23. Rfd1 Qe7 24. Rd4 Qh4 25. Rxe4 Rxe4 26. Bd4 a4 27. g3 Qd8
28. Rc2 Bc8 29. Qh5 Bd7 30. Rb2 Re7 31. Rb4 Re8 32. h4 Bh3 33. Bxc5 bxc5 34.
Rxa4 Re5 35. Qe2 Qb8 36. Ra6 Qc8 37. a4 g6 38. a5 Qb7 39. Qd3 Qb8 40. f3 Bc8
41. Rc6 Bb7 42. a6 Bxc6 43. dxc6 Kf8 44. Kf2 Ke7 45. f4 Rh5 46. Qb3 Rf5 47. g4
Rf6 48. g5 Rf5 49. e4 Rxf4+ 50. Kg3 Rxe4 51. Qf3 Re6 52. Bxe6 f5 53. gxf6+ Kxe6
54. f7 Qf8 55. Qe2+ Kf6 56. Qe8 Qxf7 57. Qxf7+ Kxf7 58. b6 cxb6 59. c7 g5 60.
hxg5 Kg6 61. c8=Q Kxg5 62. a7 h5 63. Qg8+ Kf5 64. a8=Q h4+ 65. Kf3 Kf6 66.
Qaf8+ Ke5 67. Qf4# {Hossa checkmated} 1-0